000
00314nam a2200133Ia 4500
008
231129s1988||||xx |||||||||||||| ||spa||
040
_b
spa
082
_a
Co861 C657t
100
_a
Cobo Borda J.G.
245
0
_a
Tierra de fuego
260
_c
1988
264
_a
Fundacion Simon y Lola Guberek
942
_2
ddc
_c
BKS
999
_c
25398
_d
25398